[Event "Challenge"]
[Site "http://www.queenalice.com/game.php?id=66081"]
[Date "2006.4.29"]
[Round "-"]
[White "renard77"]
[Black "silveirasr"]
[Result "0-1"]
[WhiteElo "1684"]
[BlackElo "1738"]

1. d4 Nf6 2. Nc3 d5 3. e4 dxe4 4. f3 exf3 5. Nxf3 Bg4 6. Bc4 e6 7. O-O c6 8. Bg5
Nbd7 9. Ne4 Be7 10. Nxf6+ Nxf6 11. c3 O-O 12. Bd3 Bh5 13. Bxf6 Bxf6 14. Qc2 Bg6
15. Rad1 Bxd3 16. Qxd3 Qb6 17. b4 Rfd8 18. Kh1 e5 19. a3 exd4 20. c4 c5 21. b5
Re8 22. Rfe1 g6 23. Nd2 Bh4 24. g3 Bg5 25. Ne4 Be3 26. Rf1 f5 27. Nf2 Re6 28. h3
Rae8 29. Kg2 Qc7 30. h4 Bxf2 31. Rxf2 Re3 32. Qd2 Qxg3+ 33. Kf1 Qh3+ 34. Rg2 Re2
35. Qg5 Qh1+ 0-1

[Event "AUTO-OPEN-414"]
[Site "http://www.queenalice.com/game.php?id=115210"]
[Date "2006.10.9"]
[Round "1"]
[White "silveirasr"]
[Black "J_Ricardo"]
[Result "1-0"]
[WhiteElo "1851"]
[BlackElo "1456"]

1. e4 e5 2. Nf3 Nc6 3. Bb5 Nce7 4. Nxe5 c6 5. Bc4 Nh6 6. d4 d6 7. Nf3 Ng4 8. O-O
b5 9. Bb3 a5 10. a4 b4 11. c3 bxc3 12. bxc3 Ba6 13. Re1 Qb8 14. Bxf7+ Kxf7 15.
Ng5+ Ke8 16. Qxg4 h6 17. Ne6 Bc8 18. d5 Bxe6 19. Qxe6 cxd5 20. exd5 Ra7 21. Ba3
Rd7 22. Nd2 h5 23. Nc4 Rh6 24. Qe4 Kd8 25. Nxa5 Qb6 26. Nc4 Qc7 27. a5 g5 28.
Nb6 Qxc3 29. Nxd7 Kxd7 30. Qa4+ Kd8 31. Qb5 Rf6 32. Rac1 Qd2 33. Qb8+ Kd7 34.
Rc7# 1-0

[Event "AUTO-OPEN-414"]
[Site "http://www.queenalice.com/game.php?id=115211"]
[Date "2006.10.9"]
[Round "1"]
[White "J_Ricardo"]
[Black "silveirasr"]
[Result "0-1"]
[WhiteElo "1456"]
[BlackElo "1850"]

1. e4 c5 2. c4 Nc6 3. Nc3 g6 4. Nb5 Nf6 5. d3 Bg7 6. Bf4 d6 7. Bg5 O-O 8. Rc1
Rb8 9. a4 a6 10. Na3 Nd4 11. Rc3 Bd7 12. h3 Qa5 13. Qd2 Bxa4 14. Bh6 b5 15. Bxg7
Kxg7 16. Nf3 b4 17. Rc1 Nb3 18. Qc2 bxa3+ 19. Ke2 Nxc1+ 20. Qxc1 axb2 21. Qb1
Bc2 22. Qe1 Qxe1+ 23. Nxe1 b1=Q 24. Nxc2 Qxc2+ 25. Kf3 Rb2 26. Kg3 Qxf2+ 27. Kh2
Qf4+ 28. Kg1 Rb1 29. h4 Rxf1# 0-1

[Event "AUTO-OPEN-414"]
[Site "http://www.queenalice.com/game.php?id=115212"]
[Date "2006.10.9"]
[Round "1"]
[White "silveirasr"]
[Black "Trample"]
[Result "1-0"]
[WhiteElo "1807"]
[BlackElo "1662"]

1. e4 e5 2. Nf3 Nc6 3. Bb5 Bc5 4. c3 a6 5. Ba4 Nf6 6. d4 exd4 7. e5 Nd5 8. O-O
O-O 9. cxd4 Bb6 10. Bb3 Nde7 11. d5 Na5 12. Bc2 h6 13. b4 Nc4 14. Qd3 1-0

[Event "AUTO-OPEN-414"]
[Site "http://www.queenalice.com/game.php?id=115213"]
[Date "2006.10.9"]
[Round "1"]
[White "Trample"]
[Black "silveirasr"]
[Result "0-1"]
[WhiteElo "1891"]
[BlackElo "1906"]

1. d4 Nf6 2. c4 e6 3. Nc3 Bb4 4. Bg5 h6 5. Bh4 c5 6. e3 cxd4 7. exd4 Nc6 8. Nf3
Qa5 9. Qc2 g5 10. Bg3 Bxc3+ 11. bxc3 Ne4 12. Rc1 f5 13. h4 Nxg3 14. fxg3 g4 15.
Nd2 b6 16. Be2 Ne7 17. O-O Bb7 18. c5 bxc5 19. Nb3 Qa4 20. Nxc5 Qxc2 21. Rxc2
Bc6 22. Bd3 Rb8 23. c4 O-O 24. Re2 Rf7 25. Rfe1 Kf8 26. Na6 Rb6 27. Nc5 Ng8 28.
Kh2 Nf6 0-1

[Event "AUTO-OPEN-414"]
[Site "http://www.queenalice.com/game.php?id=115214"]
[Date "2006.10.9"]
[Round "1"]
[White "silveirasr"]
[Black "Altos"]
[Result "1-0"]
[WhiteElo "1881"]
[BlackElo "1734"]

1. e4 c5 2. Nf3 d5 3. exd5 Qxd5 4. Nc3 Qd6 5. Bb5+ Bd7 6. O-O Bxb5 7. Nxb5 Qc6
8. Nc3 e6 9. Qe2 Nd7 10. d4 Ngf6 11. Ne5 Nxe5 12. dxe5 Nd5 13. Ne4 Be7 14. c4
Nb6 15. Rd1 Rd8 16. Rxd8+ Kxd8 17. b3 Kc7 18. Bg5 Bxg5 19. Nxg5 Qd7 20. Rd1 Qe7
21. Qd2 h6 22. Qd6+ Qxd6 23. exd6+ Kd7 24. Nxf7 Rf8 25. Ne5+ Kd8 26. Re1 Nd7 27.
Nd3 Rf6 28. f4 g6 29. g3 b6 30. Kg2 Kc8 31. Rf1 Rf8 32. Ne5 Nxe5 33. fxe5 Rf5
34. Rxf5 gxf5 35. Kh3 Kd7 36. Kh4 a6 37. Kh5 b5 38. Kxh6 1-0

[Event "AUTO-OPEN-414"]
[Site "http://www.queenalice.com/game.php?id=115215"]
[Date "2006.10.9"]
[Round "1"]
[White "Altos"]
[Black "silveirasr"]
[Result "0-1"]
[WhiteElo "1717"]
[BlackElo "1851"]

1. e4 c5 2. Bc4 e6 3. Nf3 d6 4. d4 cxd4 5. Nxd4 Nf6 6. h3 Nxe4 7. Qf3 d5 8. Bb5+
Bd7 9. Bxd7+ Qxd7 10. O-O Bc5 11. Be3 O-O 12. c4 Nc6 13. Nxc6 bxc6 14. Bxc5 Nxc5
15. cxd5 cxd5 16. Nd2 Qb5 17. b3 Rac8 18. Rfc1 Qd3 19. Qxd3 Nxd3 20. Rxc8 Rxc8
21. Nf3 Rc1+ 22. Rxc1 Nxc1 23. Nd4 Nxa2 0-1

[Event "AUTO-OPEN-414"]
[Site "http://www.queenalice.com/game.php?id=173751"]
[Date "2007.2.25"]
[Round "2"]
[White "csadler"]
[Black "silveirasr"]
[Result "0-1"]
[WhiteElo "1851"]
[BlackElo "1964"]

1. e4 c5 2. Nf3 d6 3. Bb5+ Bd7 4. Bxd7+ Qxd7 5. O-O Nc6 6. Qe2 Nf6 7. c3 e6 8.
d3 Be7 9. Bg5 O-O 10. Nbd2 h6 11. Bh4 d5 12. e5 Nh7 13. Bxe7 Qxe7 14. Rfd1 Ng5
15. Nxg5 Qxg5 16. Nf3 Qh5 17. Nd4 Qxe5 18. Qxe5 Nxe5 19. Nb3 Rac8 20. d4 cxd4
21. Nxd4 Nc4 22. b3 Nb6 23. Rac1 Rfd8 24. h3 a6 25. Ne2 Rd7 26. c4 dxc4 27. Rxd7
Nxd7 28. bxc4 Kf8 29. Nf4 Ne5 30. c5 b6 31. c6 Rxc6 0-1

[Event "AUTO-OPEN-414"]
[Site "http://www.queenalice.com/game.php?id=173752"]
[Date "2007.2.25"]
[Round "2"]
[White "silveirasr"]
[Black "csadler"]
[Result "1-0"]
[WhiteElo "1941"]
[BlackElo "1815"]

1. e4 e5 2. Nf3 Nc6 3. Bb5 a6 4. Ba4 Nf6 5. O-O Nxe4 6. d4 b5 7. Bb3 d5 8. dxe5
Be6 9. c3 Bc5 10. Qd3 O-O 11. Nbd2 Bxf2+ 12. Rxf2 Nxf2 13. Kxf2 f6 14. Ne4 Nxe5
15. Nxe5 fxe5+ 16. Kg1 dxe4 17. Bxe6+ Kh8 18. Qxd8 Raxd8 19. Be3 Rd3 20. Re1 Re8
21. Bb3 g6 22. Bc2 Rdd8 23. Bxe4 Rd6 24. Kf2 Rf6+ 25. Ke2 Rd8 26. Bg5 1-0

[Event "AUTO-OPEN-414"]
[Site "http://www.queenalice.com/game.php?id=173755"]
[Date "2007.2.25"]
[Round "2"]
[White "fcgar"]
[Black "silveirasr"]
[Result "1/2-1/2"]
[WhiteElo "2017"]
[BlackElo "1959"]

1. c4 Nf6 2. Nc3 e5 3. Nf3 Nc6 4. g3 d5 5. cxd5 Nxd5 6. Bg2 Be6 7. O-O Be7 8. d3
O-O 9. Bd2 Nb6 10. a3 f6 11. b4 Qd7 12. Ne4 Nd4 13. Nxd4 exd4 14. Nc5 Bxc5 15.
bxc5 Nd5 16. Qc2 c6 17. Rab1 g5 18. e4 Ne7 19. f4 h6 20. f5 Bf7 21. g4 Rfb8 22.
Be1 b5 23. cxb6 axb6 24. Bg3 Rb7 25. a4 Ra5 26. Rb2 Rc5 27. Qb1 Nc8 28. Re1 Ra7
29. Rxb6 Nxb6 30. Qxb6 Rc2 31. Qb8+ Kh7 32. e5 Rb7 33. Qf8 Qe7 34. Qxe7 Rxe7 35.
e6 Be8 36. Ra1 Ra7 37. a5 Rb2 38. Bd6 Rb5 39. a6 Rb6 40. Bc5 Rbxa6 41. Rxa6 Rxa6
42. Bxd4 Kg7 43. Bc5 1/2-1/2

[Event "AUTO-OPEN-414"]
[Site "http://www.queenalice.com/game.php?id=173756"]
[Date "2007.2.25"]
[Round "2"]
[White "silveirasr"]
[Black "fcgar"]
[Result "0-1"]
[WhiteElo "1986"]
[BlackElo "2002"]

1. e4 c5 2. Nf3 d6 3. d4 cxd4 4. Nxd4 Nf6 5. Nc3 a6 6. Be2 e5 7. Nb3 Be7 8. O-O
O-O 9. Be3 Be6 10. f4 exf4 11. Bxf4 Nc6 12. Kh1 Qc7 13. Qe1 Ne5 14. Nd4 b5 15.
Nxe6 fxe6 16. Bxe5 dxe5 17. a3 Rad8 18. Bd3 Qb6 19. Qe2 Qc6 20. Na2 Bc5 21. Rad1
Rd7 22. Nc1 Rdf7 23. Rf3 Bd4 24. c3 Bb6 25. Bc2 Ba7 26. Rd2 Qb7 27. Rd6 Ng4 28.
h3 Nf2+ 29. Kh2 Rxf3 30. gxf3 Qe7 31. Nd3 Qh4 32. Nxf2 Bxf2 33. Qf1 Rxf3 34. Qg2
Qf4+ 35. Kh1 Bg3 0-1

[Event "AUTO-OPEN-414"]
[Site "http://www.queenalice.com/game.php?id=274887"]
[Date "2007.9.21"]
[Round "3"]
[White "silveirasr"]
[Black "fcgar"]
[Result "1-0"]
[WhiteElo "1963"]
[BlackElo "2010"]

1. e4 Nf6 2. e5 Nd5 3. c4 Nb6 4. d4 d6 5. f4 dxe5 6. fxe5 Bf5 7. Nc3 e6 8. Nf3
Be7 9. Be3 O-O 10. Be2 Nc6 11. O-O Nb4 12. Rc1 Na6 13. a3 c5 14. d5 exd5 15.
cxd5 Re8 16. Bb5 Bd7 17. Bd3 c4 18. Bb1 Bc5 19. Bd4 Bg4 20. Bxc5 Nxc5 21. Qd4
Qc8 22. Qf4 Bh5 23. Ng5 Bg6 24. e6 fxe6 25. Bxg6 1-0

[Event "AUTO-OPEN-414"]
[Site "http://www.queenalice.com/game.php?id=274888"]
[Date "2007.9.21"]
[Round "3"]
[White "fcgar"]
[Black "silveirasr"]
[Result "0-1"]
[WhiteElo "2010"]
[BlackElo "1991"]

1. c4 Nf6 2. Nc3 e5 3. Nf3 Nc6 4. g3 d5 5. cxd5 Nxd5 6. Bg2 Be6 7. O-O Be7 8. d3
O-O 9. a4 f6 10. a5 a6 11. Bd2 Qd7 12. Qa4 Rfd8 13. Rfc1 Ndb4 14. Ne4 b5 15. Qd1
Bd5 16. Nc5 Bxc5 17. Rxc5 Qd6 18. Be3 Nd4 19. Bxd4 exd4 20. Rac1 Na2 21. R1c2
Nc3 22. R2xc3 dxc3 23. Rxc3 c5 24. Qc1 Rac8 25. e4 Be6 26. d4 cxd4 27. Rxc8 Rxc8
0-1

[Event "AUTO-OPEN-414"]
[Site "http://www.queenalice.com/game.php?id=274889"]
[Date "2007.9.21"]
[Round "3"]
[White "silveirasr"]
[Black "R_Mutt"]
[Result "0-1"]
[WhiteElo "2029"]
[BlackElo "2268"]

1. e4 d5 2. exd5 Nf6 3. c4 e6 4. d4 exd5 5. Nc3 Bb4 6. Nf3 Nc6 7. c5 Ne4 8. Qd3
Bf5 9. a3 O-O 10. axb4 Nxb4 11. Qd1 Nxc3 12. bxc3 Nc2+ 13. Kd2 Nxa1 14. Qa4 Nc2
15. Bd3 Nxd4 16. cxd4 Be4 17. Kc3 Qf6 18. Be3 Bxd3 19. Kxd3 Rfe8 20. Ne5 Qf5+
21. Kc3 b6 22. Nd3 a5 23. h4 Reb8 24. cxb6 cxb6 25. Rb1 f6 26. Kd2 Qe4 27. g3 h6
28. Rb5 Ra7 29. Nf4 Rd7 30. Qb3 Rbd8 31. Rxb6 Ra8 32. Rb8+ Rxb8 33. Qxb8+ Kf7
34. Qa8 g5 35. hxg5 hxg5 36. Nd3 Qe8 37. Qxa5 Qb8 38. Qa2 g4 39. Nc5 Rd8 40. Qb3
Qxb3 41. Nxb3 Kg6 42. Bf4 Kf5 43. Nc5 Re8 44. Be3 Ra8 0-1

[Event "AUTO-OPEN-414"]
[Site "http://www.queenalice.com/game.php?id=274890"]
[Date "2007.9.21"]
[Round "3"]
[White "R_Mutt"]
[Black "silveirasr"]
[Result "1/2-1/2"]
[WhiteElo "2271"]
[BlackElo "2015"]

1. Nc3 d5 2. d4 Nf6 3. e4 Nxe4 4. Nxe4 dxe4 5. Bc4 Bf5 6. Nh3 Bxh3 7. gxh3 e6 8.
Be3 Nd7 9. Qe2 Nf6 10. O-O-O c6 11. Rhg1 Qc7 12. f3 exf3 13. Qxf3 Nd5 14. Bd2 g6
15. Bb3 Bg7 16. Rgf1 O-O 17. h4 h5 18. c3 a5 19. Qg3 Qxg3 20. hxg3 Ne7 21. Bc2
Nf5 22. Bf4 Bh6 23. Bxf5 Bxf4+ 24. gxf4 exf5 25. Kd2 Rfe8 26. Rfe1 Kf8 27. a4
Rxe1 28. Rxe1 Re8 29. Rxe8+ Kxe8 30. Kd3 Ke7 31. c4 Ke6 32. Ke3 f6 33. b3 Kd6
1/2-1/2

[Event "AUTO-MASTER-2722"]
[Site "http://www.queenalice.com/game.php?id=1526894"]
[Date "2018.5.11"]
[Round "1"]
[White "Spessatto"]
[Black "silveirasr"]
[Result "0-1"]
[WhiteElo "2017"]
[BlackElo "2021"]

1. d4 Nf6 2. h3 d5 3. Nf3 c5 4. Bf4 e6 5. Nbd2 Nc6 6. e3 cxd4 7. exd4 Bd6 8. Ne5
Nxd4 9. Bb5+ Nxb5 10. c3 O-O 11. Ndf3 Ne4 12. Nd4 Nxd4 13. cxd4 Qa5+ 14. Bd2
Nxd2 15. Qxd2 Bb4 0-1

[Event "AUTO-MASTER-2722"]
[Site "http://www.queenalice.com/game.php?id=1526895"]
[Date "2018.5.11"]
[Round "1"]
[White "silveirasr"]
[Black "Spessatto"]
[Result "1-0"]
[WhiteElo "2041"]
[BlackElo "2012"]

1. e4 e5 2. Nf3 Nc6 3. Bb5 Nge7 4. O-O a6 5. Ba4 b5 6. Bb3 Ng6 7. c3 Bc5 8. d4
exd4 9. cxd4 Ba7 10. Bg5 Nce7 11. Nc3 h6 12. Be3 O-O 13. Rc1 d6 14. Nd5 Be6 15.
Nxc7 Rb8 16. Nxe6 fxe6 17. Bxe6+ Kh8 18. Ng5 Qc7 19. Rxc7 1-0

[Event "AUTO-MASTER-2722"]
[Site "http://www.queenalice.com/game.php?id=1526910"]
[Date "2018.5.11"]
[Round "1"]
[White "clovis"]
[Black "silveirasr"]
[Result "0-1"]
[WhiteElo "2021"]
[BlackElo "2058"]

1. e4 c5 2. Nf3 d6 3. d4 cxd4 4. Qxd4 a6 5. Bc4 Nf6 6. Nc3 e6 7. e5 Nc6 8. Qd3
Nxe5 9. Nxe5 dxe5 10. Qxd8+ Kxd8 11. Bg5 Kc7 12. Bxf6 gxf6 13. O-O-O Bd7 14. Ne4
Be7 15. g4 Bc6 16. f3 f5 17. gxf5 exf5 18. Ng3 Bg5+ 19. Kb1 Bxf3 20. Nxf5 Bxh1
21. Rxh1 Rad8 22. Bxf7 Rhf8 23. Be6 Rf6 0-1

[Event "AUTO-MASTER-2722"]
[Site "http://www.queenalice.com/game.php?id=1526911"]
[Date "2018.5.11"]
[Round "1"]
[White "silveirasr"]
[Black "clovis"]
[Result "1-0"]
[WhiteElo "2075"]
[BlackElo "2064"]

1. e4 e5 2. Nf3 Nc6 3. Bb5 f5 4. Nc3 fxe4 5. Nxe4 d5 6. Nxe5 dxe4 7. Nxc6 Qd5 8.
c4 Qd6 9. Qh5+ g6 10. Qe5+ Qxe5 11. Nxe5+ c6 12. Ba4 Bd6 13. d4 exd3 14. O-O
Bxe5 15. Re1 Nf6 16. Rxe5+ Kf7 17. Bg5 Bf5 18. Rae1 Ne4 19. Re7+ Kf8 20. R7xe4
Bxe4 21. Rxe4 Kf7 22. Re7+ Kf8 23. Rd7 h6 24. Be3 Ke8 25. Rxd3 Rh7 26. Rd6 Rd8
27. Rxd8+ Kxd8 28. Bxa7 b5 29. Bb6+ Kc8 30. cxb5 Kb7 31. Be3 cxb5 32. Bxb5 1-0

[Event "AUTO-MASTER-2722"]
[Site "http://www.queenalice.com/game.php?id=1538045"]
[Date "2018.8.7"]
[Round "2"]
[White "silveirasr"]
[Black "PauloRPFonseca"]
[Result "0-1"]
[WhiteElo "2144"]
[BlackElo "2388"]

1. e4 c6 2. d4 d5 3. exd5 cxd5 4. c4 Nf6 5. Nf3 Bg4 6. Qb3 Bxf3 7. Qxb7 Nbd7 8.
gxf3 Rb8 9. Qxa7 e5 10. dxe5 Nxe5 11. Qa4+ Nfd7 12. cxd5 Bb4+ 13. Nc3 Nxf3+ 14.
Kd1 O-O 15. Qc2 Nde5 16. Bg2 Bxc3 17. Bxf3 Nxf3 18. Qe4 Bxb2 0-1

[Event "AUTO-MASTER-2722"]
[Site "http://www.queenalice.com/game.php?id=1538046"]
[Date "2018.8.7"]
[Round "2"]
[White "PauloRPFonseca"]
[Black "silveirasr"]
[Result "1-0"]
[WhiteElo "2383"]
[BlackElo "2149"]

1. c4 Nf6 2. d4 e6 3. Nc3 Bb4 4. e3 O-O 5. Nf3 b6 6. Bd3 Bb7 7. O-O Bxc3 8. bxc3
Ne4 9. a4 f5 10. Qc2 a5 11. Nd2 Qh4 12. f4 Nxd2 13. Bxd2 Ba6 14. e4 fxe4 15.
Bxe4 Ra7 16. Bd3 Nc6 17. f5 e5 18. f6 Rxf6 19. Rxf6 gxf6 20. Rf1 1-0

[Event "AUTO-MASTER-2722"]
[Site "http://www.queenalice.com/game.php?id=1538047"]
[Date "2018.8.7"]
[Round "2"]
[White "silveirasr"]
[Black "CCapivara"]
[Result "1-0"]
[WhiteElo "2118"]
[BlackElo "2249"]

1. e4 d6 2. d4 Nf6 3. Nc3 c6 4. f4 Qa5 5. Bd2 e5 6. dxe5 dxe5 7. f5 Bc5 8. Nd5
Qd8 9. Nxf6+ Qxf6 10. Nf3 h6 11. Bc4 O-O 12. Qe2 Rd8 13. O-O-O b5 14. Bd3 a5 15.
g4 Qe7 16. g5 hxg5 17. Nxg5 f6 18. Qh5 fxg5 19. Bxg5 Qe8 20. Bc4+ bxc4 21. Rxd8
Qxd8 22. Bxd8 Na6 23. Rd1 Rb8 24. Qe8+ Kh7 25. Qg6+ 1-0

[Event "AUTO-MASTER-2722"]
[Site "http://www.queenalice.com/game.php?id=1538048"]
[Date "2018.8.7"]
[Round "2"]
[White "CCapivara"]
[Black "silveirasr"]
[Result "0-1"]
[WhiteElo "2234"]
[BlackElo "2134"]

1. e4 c5 2. Nf3 d6 3. d4 cxd4 4. Nxd4 Nf6 5. Nc3 a6 6. Bg5 e6 7. f4 Qc7 8. Qf3
Be7 9. O-O-O Nbd7 10. g4 h6 11. Bh4 g5 12. fxg5 Ne5 13. Qg2 Nfxg4 14. Bf2 Bxg5+
15. Kb1 Nxf2 16. Qxf2 Bd7 17. Be2 O-O-O 18. h4 Be7 19. Rhg1 Qc5 20. h5 Rhg8 21.
a3 Rg5 22. Rxg5 Bxg5 23. Qf1 Qb6 24. Nb3 Be3 25. Bd3 Rg8 26. Qf6 Qd8 27. Qf1 Rg1
28. Qe2 Qb6 29. Rxg1 Bxg1 30. Qg2 Nxd3 31. cxd3 Qf2 32. Qg7 Qf1+ 33. Ka2 Be3 34.
Na5 Qxd3 35. Qxf7 b6 36. Nb3 Qc4 37. Qf3 Bg5 38. e5 d5 39. Qf8+ Kb7 40. Qd6 Qc7
41. Nd4 Qxd6 42. exd6 Bf4 0-1